Catálogo de la Biblioteca Horacio González - Universidad Nacional de General Sarmiento

Film (Registro nro. 55033)

Detalles MARC
000 -CABECERA
campo de control de longitud fija 01525ngm a22003250a 4500
001 - NÚMERO DE CONTROL
campo de control PT38529
003 - IDENTIFICADOR DEL NÚMERO DE CONTROL
campo de control AR-LpoUNG
005 - FECHA Y HORA DE LA ÚLTIMA TRANSACCIÓN
campo de control 20210202000525.0
007 - CAMPO FIJO DE DESCRIPCIÓN FÍSICA--INFORMACIÓN GENERAL
campo de control de longitud fija vd cvaizq
008 - DATOS DE LONGITUD FIJA--INFORMACIÓN GENERAL
campo de control de longitud fija 191001s1964||||ag |||||||||||||||||spa d
037 ## - FUENTE DE ADQUISICIÓN
Condiciones de disponibilidad $13,50
040 ## - FUENTE DE LA CATALOGACIÓN
Centro catalogador/agencia de origen AR-LpoUNG
Lengua de catalogación spa
Centro/agencia transcriptor AR-LpoUNG
Normas de descripción aacr
041 ## - CÓDIGO DE LENGUA
Código de lengua del texto/banda sonora o título independiente spa
044 ## - CÓDIGO DEL PAÍS DE LA ENTIDAD EDITORA/PRODUCTORA
Código MARC del país ag
082 0# - NÚMERO DE LA CLASIFICACIÓN DECIMAL DEWEY
Número de clasificación 152.1 395fil
100 1# - ENTRADA PRINCIPAL--NOMBRE DE PERSONA
Nombre de persona Beckett, Samuel
Término indicativo de función/relación dir.
245 10 - MENCIÓN DE TÍTULO
Título Film
260 ## - PUBLICACIÓN, DISTRIBUCIÓN, ETC.
Lugar de publicación, distribución, etc. Buenos Aires :
Nombre del editor, distribuidor, etc. Blackman,
Fecha de publicación, distribución, etc. 1964.
300 ## - DESCRIPCIÓN FÍSICA
Extensión DVD (20 min.) : byn
505 0# - NOTA DE CONTENIDO CON FORMATO
Nota de contenido con formato Película muda. - Film es la única incursión de Samuel Beckett en el cine. Escrita en 1963, se rodó en Nueva York durante el verano de 1964. - Dirigida por: Alan Schneider y protagonizada por Buster Keaton. - Para el rodaje, Beckett realizó su único viaje a los Estados Unidos, en julio de 1964.
520 ## - SUMARIO, ETC.
Sumario, etc. Esta obra es una pieza de antología para el estudio del fenómeno de la percepción. La película no tiene diálogos y sólo un sonido -un ligero "­sssh !" -, parte de la teoría de Berkeley "Esse est percipi", o sea "ser es ser percibido" : aún cuando se suprime toda percepción exterior -ya sea ésta animal, humana o divina- permanece la auto-percepción. Sin embargo, pese a este principio filosófico, la película, como toda la obra de Beckett, contiene elementos de comedia
650 #4 - PUNTO DE ACCESO ADICIONAL DE MATERIA--TÉRMINO DE MATERIA
Término de materia o nombre geográfico como elemento de entrada FILOSOFIA
651 #4 - PUNTO DE ACCESO ADICIONAL DE MATERIA--NOMBRE GEOGRÁFICO
Nombre geográfico DOCUMENTOS TEORICOS O METODOLOGICOS
653 ## - TÉRMINO DE INDIZACIÓN--NO CONTROLADO
Término no controlado CINE
653 ## - TÉRMINO DE INDIZACIÓN--NO CONTROLADO
Término no controlado CINE ESTADOUNIDENSE
653 ## - TÉRMINO DE INDIZACIÓN--NO CONTROLADO
Término no controlado DVD
653 ## - TÉRMINO DE INDIZACIÓN--NO CONTROLADO
Término no controlado VIDEOS
905 ## - ELEMENTOS DE DATOS E LOCAL, LDE (RLIN)
a 38529
942 ## - ELEMENTOS DE PUNTO DE ACCESO ADICIONAL (KOHA)
Tipo de ítem Koha DVD
Existencias
Estado de retiro Estado de pérdida Estado dañado No para préstamo Código de colección Localización permanente Ubicación/localización actual Fecha de adquisición Total de préstamos Signatura topográfica completa Código de barras Fecha visto por última vez Precio válido a partir de Tipo de ítem Koha
        Colección Cine Biblioteca Universidad Nacional de General Sarmiento Biblioteca Universidad Nacional de General Sarmiento 02/02/2021   152.1 395fil 00043024 02/02/2021 02/02/2021 DVD
        Colección Cine Biblioteca Universidad Nacional de General Sarmiento Biblioteca Universidad Nacional de General Sarmiento 02/02/2021   152.1 395fil 00043025 02/02/2021 02/02/2021 DVD
        Colección Cine Biblioteca Universidad Nacional de General Sarmiento Biblioteca Universidad Nacional de General Sarmiento 02/02/2021   152.1 395fil 00043026 02/02/2021 02/02/2021 DVD